[Event "Masters Tournament (MTO)"]
[Site "Biel, CH"]
[Date "2025.07.15"]
[Round "2"]
[White "Yash Abhijit Patil"]
[Black "Lacan Rus, David"]
[Result "1/2-1/2"]
[Board "14"]
[WhiteFideId "25602110"]
[BlackFideId "651023075"]
[BlackTitle "FM"]
[WhiteElo "2186"]
[BlackElo "2369"]
[WhiteTeam "IND"]
[BlackTeam "FRA"]
[WhiteClock "0:02:43"]
[BlackClock "0:08:04"]
[Variant "Standard"]

1. Nf3 {[%clk 1:40:31]}  Nf6 {[%clk 1:40:53]} 2. b3 {[%clk 1:40:03]}  g6 {[%clk 1:38:12]} 3. g3 {[%clk 1:38:09]}  Bg7 {[%clk 1:39:19]} 4. Bb2 {[%clk 1:38:14]}  d6 {[%clk 1:39:29]} 5. c4 {[%clk 1:34:14]}  e5 {[%clk 1:38:10]} 6. Bg2 {[%clk 1:34:29]}  O-O {[%clk 1:38:15]} 7. O-O {[%clk 1:34:40]}  Re8 {[%clk 1:36:26]} 8. d3 {[%clk 1:31:07]}  Nc6 {[%clk 1:34:32]} 9. Nbd2 {[%clk 1:31:03]}  h6 {[%clk 1:33:07]} 10. a3 {[%clk 1:28:06]}  a5 {[%clk 1:33:25]} 11. Ne1 {[%clk 1:27:38]}  Be6 {[%clk 1:30:43]} 12. e4 {[%clk 1:27:06]}  Nd7 {[%clk 1:29:21]} 13. Nc2 {[%clk 1:14:40]}  Nc5 {[%clk 1:27:55]} 14. Qe2 {[%clk 1:14:29]}  Qb8 {[%clk 1:23:23]} 15. Rab1 {[%clk 1:07:41]}  b5 {[%clk 1:19:46]} 16. Kh1 {[%clk 1:05:38]}  Qb6 {[%clk 1:14:10]} 17. f4 {[%clk 0:51:48]}  f5 {[%clk 1:12:29]} 18. fxe5 {[%clk 0:52:10]}  dxe5 {[%clk 1:11:26]} 19. b4 {[%clk 0:42:20]}  axb4 {[%clk 1:11:07]} 20. axb4 {[%clk 0:43:14]}  Na4 {[%clk 1:02:09]} 21. c5 {[%clk 0:36:50]}  Qa6 {[%clk 1:08:29]} 22. Ba1 {[%clk 0:35:48]}  Rad8 {[%clk 1:08:01]} 23. Ne3 {[%clk 0:31:48]}  Nd4 {[%clk 1:04:03]} 24. Qd1 {[%clk 0:31:29]}  Qc8 {[%clk 1:01:01]} 25. Rf2 {[%clk 0:29:07]}  c6 {[%clk 0:59:29]} 26. Qf1 {[%clk 0:26:07]}  Rf8 {[%clk 0:58:26]} 27. Re1 {[%clk 0:23:47]}  Kh8 {[%clk 0:56:44]} 28. Nf3 {[%clk 0:21:20]}  f4 {[%clk 0:44:54]} 29. gxf4 {[%clk 0:19:59]}  Rxf4 {[%clk 0:44:29]} 30. Nxd4 {[%clk 0:17:26]}  Rxf2 {[%clk 0:44:49]} 31. Qxf2 {[%clk 0:17:46]}  exd4 {[%clk 0:45:15]} 32. Nc2 {[%clk 0:17:57]}  Nc3 {[%clk 0:41:49]} 33. Nxd4 {[%clk 0:13:59]}  Rxd4 {[%clk 0:33:18]} 34. Bxc3 {[%clk 0:14:20]}  Rxd3 {[%clk 0:33:41]} 35. Bxg7+ {[%clk 0:12:55]}  Kxg7 {[%clk 0:28:34]} 36. Rf1 {[%clk 0:08:16]}  Qd7 {[%clk 0:31:54]} 37. Qf8+ {[%clk 0:04:25]}  Kh7 {[%clk 0:32:18]} 38. Bf3 {[%clk 0:04:23]}  Rd2 {[%clk 0:23:21]} 39. Qf4 {[%clk 0:02:15]}  Rd4 {[%clk 0:11:32]} 40. Rb1 {[%clk 0:01:49]}  Qg7 {[%clk 0:07:28]} 41. Qg3 {[%clk 0:00:31]}  Qf7 {[%clk 0:06:02]} 42. Bg2 {[%clk 0:30:14]}  Bc4 {[%clk 0:34:21]} 43. Re1 {[%clk 0:26:41]}  Rd3 {[%clk 0:31:47]} 44. Qb8 {[%clk 0:25:58]}  Rd2 {[%clk 0:30:05]} 45. Ra1 {[%clk 0:24:23]}  Qg7 {[%clk 0:22:52]} 46. e5 {[%clk 0:23:29]}  Qf7 {[%clk 0:22:19]} 47. h3 {[%clk 0:20:24]}  Qf2 {[%clk 0:15:39]} 48. Qc7+ {[%clk 0:20:04]}  Kh8 {[%clk 0:11:27]} 49. Qxc6 {[%clk 0:20:18]}  Bd5 {[%clk 0:10:00]} 50. Qe8+ {[%clk 0:17:37]}  Kg7 {[%clk 0:08:24]} 51. Qe7+ {[%clk 0:17:54]}  Kh8 {[%clk 0:08:05]} 52. Qd8+ {[%clk 0:17:05]}  Kg7 {[%clk 0:06:47]} 53. Ra7+ {[%clk 0:08:40]}  Bf7 {[%clk 0:07:01]} 54. Rxf7+ {[%clk 0:08:15]}  Kxf7 {[%clk 0:07:22]} 55. Bd5+ {[%clk 0:08:40]}  Rxd5 {[%clk 0:06:33]} 56. Qxd5+ {[%clk 0:08:59]}  Kg7 {[%clk 0:06:33]} 57. Qd7+ {[%clk 0:07:53]}  Kg8 {[%clk 0:06:23]} 58. Qd8+ {[%clk 0:07:19]}  Kh7 {[%clk 0:06:45]} 59. Qe7+ {[%clk 0:05:07]}  Kg8 {[%clk 0:07:09]} 60. Qe6+ {[%clk 0:05:31]}  Kh7 {[%clk 0:07:33]} 61. Qd7+ {[%clk 0:03:52]}  Kh8 {[%clk 0:07:21]} 62. Qd3 {[%clk 0:03:11]}  Qe1+ {[%clk 0:06:30]} 63. Kg2 {[%clk 0:03:36]}  Qxe5 {[%clk 0:06:15]} 64. Qxg6 {[%clk 0:03:01]}  Qb2+ {[%clk 0:06:05]} 65. Kf1 {[%clk 0:02:40]}  Qc1+ {[%clk 0:06:22]} 66. Ke2 {[%clk 0:02:48]}  Qb2+ {[%clk 0:06:48]} 67. Kf1 {[%clk 0:02:29]}  Qc1+ {[%clk 0:07:12]} 68. Ke2 {[%clk 0:02:36]}  Qb2+ {[%clk 0:07:38]} 69. Kf1 {[%clk 0:02:43]}  Qc1+ {[%clk 0:08:04]} 1/2-1/2

[Event "Masters Tournament (MTO)"]
[Site "Biel, CH"]
[Date "2025.07.15"]
[Round "2"]
[White "Tureshbayev, Anuar"]
[Black "Otsuka, Shou"]
[Result "1/2-1/2"]
[Board "15"]
[WhiteFideId "651081709"]
[BlackFideId "7004702"]
[BlackTitle "FM"]
[WhiteElo "2163"]
[BlackElo "2362"]
[WhiteTeam "IRL"]
[BlackTeam "JPN"]
[WhiteClock "0:34:27"]
[BlackClock "0:01:34"]
[Variant "Standard"]

1. e4 {[%clk 1:40:58]}  c5 {[%clk 1:40:55]} 2. Nf3 {[%clk 1:41:24]}  Nc6 {[%clk 1:41:21]} 3. d4 {[%clk 1:41:51]}  cxd4 {[%clk 1:41:48]} 4. Nxd4 {[%clk 1:42:16]}  e5 {[%clk 1:42:14]} 5. Nb5 {[%clk 1:42:41]}  d6 {[%clk 1:42:40]} 6. N1c3 {[%clk 1:42:39]}  a6 {[%clk 1:42:57]} 7. Na3 {[%clk 1:43:04]}  Be6 {[%clk 1:43:18]} 8. Nc4 {[%clk 1:39:16]}  Rb8 {[%clk 1:33:29]} 9. Nd5 {[%clk 1:29:47]}  Bxd5 {[%clk 1:42:11]} 10. exd5 {[%clk 1:29:52]}  Nce7 {[%clk 1:37:49]} 11. g4 {[%clk 1:18:41]}  h6 {[%clk 1:36:51]} 12. a4 {[%clk 1:03:43]}  Nf6 {[%clk 1:24:44]} 13. Bg2 {[%clk 0:58:18]}  Qc7 {[%clk 1:23:48]} 14. b3 {[%clk 0:30:18]}  Ng6 {[%clk 0:57:41]} 15. h4 {[%clk 0:17:37]}  Be7 {[%clk 0:44:51]} 16. h5 {[%clk 0:49:43]}  Nf4 {[%clk 0:39:25]} 17. Bxf4 {[%clk 0:49:31]}  exf4 {[%clk 0:34:39]} 18. a5 {[%clk 0:45:09]}  Nd7 {[%clk 0:31:08]} 19. O-O {[%clk 0:42:27]}  O-O {[%clk 0:27:12]} 20. Qd3 {[%clk 0:35:29]}  f5 {[%clk 0:23:08]} 21. Rae1 {[%clk 0:36:54]}  Rbe8 {[%clk 0:21:23]} 22. Qf3 {[%clk 0:28:24]}  Ne5 {[%clk 0:20:17]} 23. Rxe5 {[%clk 0:34:54]}  dxe5 {[%clk 0:20:09]} 24. d6 {[%clk 0:32:55]}  e4 {[%clk 0:10:12]} 25. Qd1 {[%clk 0:25:15]}  Qc5 {[%clk 0:17:15]} 26. dxe7 {[%clk 0:22:35]}  Qxe7 {[%clk 0:16:03]} 27. Qd5+ {[%clk 0:24:59]}  Kh8 {[%clk 0:12:19]} 28. Nd6 {[%clk 0:16:53]}  f3 {[%clk 0:10:33]} 29. Nxf5 {[%clk 0:14:39]}  Rxf5 {[%clk 0:07:52]} 30. Qxf5 {[%clk 0:19:05]}  Rf8 {[%clk 0:07:12]} 31. Qd5 {[%clk 0:17:34]}  fxg2 {[%clk 0:05:04]} 32. Kxg2 {[%clk 0:19:08]}  Rf4 {[%clk 0:00:15]} 33. Kg3 {[%clk 0:08:42]}  Rf3+ {[%clk 0:04:22]} 34. Kg2 {[%clk 0:09:06]}  Rf4 {[%clk 0:04:49]} 35. Kg3 {[%clk 0:07:01]}  Qc7 {[%clk 0:02:49]} 36. Qc4 {[%clk 0:09:38]}  Qd6 {[%clk 0:00:59]} 37. Re1 {[%clk 0:06:51]}  Qe5 {[%clk 0:00:46]} 38. Rd1 {[%clk 0:06:21]}  Kh7 {[%clk 0:00:32]} 39. Qd5 {[%clk 0:05:04]}  Rf3+ {[%clk 0:00:32]} 40. Kg2 {[%clk 0:03:15]}  Qf4 {[%clk 0:00:31]} 41. Qf5+ {[%clk 0:03:09]}  Qxf5 {[%clk 0:00:56]} 42. gxf5 {[%clk 0:03:35]}  Rxf5 {[%clk 0:27:32]} 43. Rd7 {[%clk 0:29:16]}  Rxh5 {[%clk 0:26:55]} 44. Rxb7 {[%clk 0:29:41]}  Rxa5 {[%clk 0:27:05]} 45. Re7 {[%clk 0:30:02]}  Ra2 {[%clk 0:27:30]} 46. c4 {[%clk 0:27:29]}  Rb2 {[%clk 0:26:17]} 47. Rxe4 {[%clk 0:27:02]}  Rxb3 {[%clk 0:27:47]} 48. c5 {[%clk 0:27:15]}  Rc3 {[%clk 0:28:01]} 49. Ra4 {[%clk 0:27:40]}  Rxc5 {[%clk 0:28:22]} 50. Rxa6 {[%clk 0:24:52]}  Rc3 {[%clk 0:25:31]} 51. f3 {[%clk 0:27:48]}  Rc5 {[%clk 0:25:02]} 52. Kg3 {[%clk 0:28:05]}  Rg5+ {[%clk 0:24:45]} 53. Kf4 {[%clk 0:28:18]}  Rg1 {[%clk 0:25:59]} 54. Ra5 {[%clk 0:28:34]}  Kg6 {[%clk 0:24:57]} 55. Ra6+ {[%clk 0:27:59]}  Kh5 {[%clk 0:26:29]} 56. Ra2 {[%clk 0:28:04]}  g5+ {[%clk 0:24:32]} 57. Ke3 {[%clk 0:28:02]}  Re1+ {[%clk 0:22:38]} 58. Kf2 {[%clk 0:27:49]}  Re6 {[%clk 0:22:46]} 59. Kg3 {[%clk 0:27:03]}  Kg6 {[%clk 0:20:08]} 60. Ra8 {[%clk 0:25:14]}  h5 {[%clk 0:19:53]} 61. Rg8+ {[%clk 0:27:33]}  Kf5 {[%clk 0:20:55]} 62. Rh8 {[%clk 0:27:51]}  h4+ {[%clk 0:20:55]} 63. Kh3 {[%clk 0:28:15]}  Rf6 {[%clk 0:19:26]} 64. Ra8 {[%clk 0:28:12]}  Kf4 {[%clk 0:19:03]} 65. Kg2 {[%clk 0:28:34]}  Rd6 {[%clk 0:18:41]} 66. Rf8+ {[%clk 0:28:28]}  Ke5 {[%clk 0:18:47]} 67. Kh3 {[%clk 0:28:32]}  Rf6 {[%clk 0:16:20]} 68. Re8+ {[%clk 0:28:03]}  Kf4 {[%clk 0:17:08]} 69. Kg2 {[%clk 0:26:53]}  h3+ {[%clk 0:14:35]} 70. Kf2 {[%clk 0:21:31]}  Rh6 {[%clk 0:12:27]} 71. Re4+ {[%clk 0:25:03]}  Kf5 {[%clk 0:12:12]} 72. Kg1 {[%clk 0:14:14]}  h2+ {[%clk 0:01:17]} 73. Kh1 {[%clk 0:25:43]}  Rh3 {[%clk 0:01:39]} 74. Ra4 {[%clk 0:26:09]}  Kg6 {[%clk 0:00:24]} 75. Ra2 {[%clk 0:25:24]}  Kf5 {[%clk 0:02:06]} 76. Rxh2 {[%clk 0:25:21]}  Rxf3 {[%clk 0:02:30]} 77. Rc2 {[%clk 0:25:44]}  Kg4 {[%clk 0:00:54]} 78. Kg2 {[%clk 0:26:05]}  Rg3+ {[%clk 0:01:19]} 79. Kh2 {[%clk 0:26:31]}  Ra3 {[%clk 0:01:38]} 80. Kg2 {[%clk 0:26:56]}  Kh4 {[%clk 0:01:46]} 81. Kh2 {[%clk 0:26:54]}  Rh3+ {[%clk 0:01:21]} 82. Kg2 {[%clk 0:27:21]}  Rg3+ {[%clk 0:01:31]} 83. Kh2 {[%clk 0:26:52]}  Ra3 {[%clk 0:01:35]} 84. Kg2 {[%clk 0:27:57]}  g4 {[%clk 0:01:42]} 85. Rb2 {[%clk 0:28:14]}  Ra4 {[%clk 0:01:25]} 86. Rc2 {[%clk 0:28:36]}  Kg5 {[%clk 0:01:49]} 87. Rb2 {[%clk 0:28:55]}  Kf4 {[%clk 0:02:13]} 88. Rf2+ {[%clk 0:29:20]}  Kg5 {[%clk 0:02:22]} 89. Rb2 {[%clk 0:29:46]}  Rd4 {[%clk 0:02:27]} 90. Rc2 {[%clk 0:30:10]}  Kh4 {[%clk 0:01:00]} 91. Ra2 {[%clk 0:30:34]}  Rd3 {[%clk 0:01:25]} 92. Rb2 {[%clk 0:30:56]}  Rg3+ {[%clk 0:01:44]} 93. Kh2 {[%clk 0:31:20]}  Rc3 {[%clk 0:00:43]} 94. Kg2 {[%clk 0:31:42]}  Kg5 {[%clk 0:00:37]} 95. Ra2 {[%clk 0:32:06]}  Kf4 {[%clk 0:00:37]} 96. Ra4+ {[%clk 0:32:31]}  Kf5 {[%clk 0:00:36]} 97. Ra2 {[%clk 0:32:56]}  Ke4 {[%clk 0:00:32]} 98. Rf2 {[%clk 0:33:15]}  Re3 {[%clk 0:00:33]} 99. Rf8 {[%clk 0:33:36]}  Rd3 {[%clk 0:00:32]} 100. Rf7 {[%clk 0:33:57]}  Rd5 {[%clk 0:00:32]} 101. Kg3 {[%clk 0:33:41]}  Rg5 {[%clk 0:00:44]} 102. Rf4+ {[%clk 0:34:08]}  Ke3 {[%clk 0:01:08]} 103. Rxg4 {[%clk 0:34:34]}  Rxg4 {[%clk 0:01:34]} 104. Kxg4 {[%clk 0:34:27]} 1/2-1/2

[Event "Masters Tournament (MTO)"]
[Site "Biel, CH"]
[Date "2025.07.15"]
[Round "2"]
[White "Doraszelski, Alexander"]
[Black "Sanket Chakravarty"]
[Result "1/2-1/2"]
[Board "16"]
[WhiteFideId "12996149"]
[BlackFideId "25032038"]
[BlackTitle "IM"]
[WhiteElo "2154"]
[BlackElo "2301"]
[WhiteTeam "GER"]
[BlackTeam "INA"]
[WhiteClock "0:10:30"]
[BlackClock "1:21:21"]
[Variant "Standard"]

1. e4 {[%clk 1:40:58]}  c6 {[%clk 1:27:58]} 2. d4 {[%clk 1:41:18]}  d5 {[%clk 1:28:22]} 3. Nd2 {[%clk 1:41:33]}  dxe4 {[%clk 1:28:45]} 4. Nxe4 {[%clk 1:41:52]}  Nf6 {[%clk 1:28:54]} 5. Nxf6+ {[%clk 1:42:09]}  exf6 {[%clk 1:29:19]} 6. Be3 {[%clk 1:42:24]}  Qb6 {[%clk 1:29:18]} 7. Qe2 {[%clk 1:42:10]}  Bd6 {[%clk 1:29:31]} 8. d5 {[%clk 1:32:56]}  Qc7 {[%clk 1:29:54]} 9. Bc5+ {[%clk 1:27:01]}  Kf8 {[%clk 1:29:53]} 10. Bxd6+ {[%clk 1:23:44]}  Qxd6 {[%clk 1:30:14]} 11. O-O-O {[%clk 1:24:02]}  cxd5 {[%clk 1:30:38]} 12. Qd2 {[%clk 1:21:49]}  Nc6 {[%clk 1:29:25]} 13. Qxd5 {[%clk 1:18:50]}  Qe7 {[%clk 1:29:50]} 14. Qd6 {[%clk 1:17:12]}  Be6 {[%clk 1:29:13]} 15. Bb5 {[%clk 1:16:00]}  Qxd6 {[%clk 1:29:36]} 16. Rxd6 {[%clk 1:16:23]}  Ne5 {[%clk 1:30:02]} 17. f4 {[%clk 1:08:33]}  Ng4 {[%clk 1:30:24]} 18. Nf3 {[%clk 1:07:36]}  Ke7 {[%clk 1:26:48]} 19. Rd2 {[%clk 1:05:08]}  Rhd8 {[%clk 1:26:36]} 20. Rxd8 {[%clk 0:57:16]}  Rxd8 {[%clk 1:26:55]} 21. Re1 {[%clk 0:57:15]}  Kf8 {[%clk 1:20:46]} 22. h3 {[%clk 0:45:58]}  Nf2 {[%clk 1:19:20]} 23. Nd2 {[%clk 0:41:51]}  Bd5 {[%clk 1:15:52]} 24. Re2 {[%clk 0:33:45]}  Nh1 {[%clk 1:11:17]} 25. g4 {[%clk 0:34:01]}  g6 {[%clk 1:09:52]} 26. Bd3 {[%clk 0:20:18]}  h5 {[%clk 1:09:01]} 27. Kd1 {[%clk 0:14:35]}  h4 {[%clk 1:05:47]} 28. Ke1 {[%clk 0:12:51]}  Ng3 {[%clk 1:05:19]} 29. Re3 {[%clk 0:12:22]}  Bg2 {[%clk 1:04:44]} 30. Kf2 {[%clk 0:11:55]}  Bc6 {[%clk 1:04:46]} 31. Nb3 {[%clk 0:06:07]}  b6 {[%clk 1:04:03]} 32. c3 {[%clk 0:05:42]}  Bd5 {[%clk 1:04:29]} 33. Nd4 {[%clk 0:04:50]}  Kg7 {[%clk 1:03:08]} 34. a3 {[%clk 0:04:38]}  a5 {[%clk 1:02:47]} 35. Re7 {[%clk 0:03:25]}  Kf8 {[%clk 1:01:01]} 36. Re3 {[%clk 0:03:53]}  g5 {[%clk 1:00:52]} 37. f5 {[%clk 0:02:49]}  Re8 {[%clk 1:00:14]} 38. Rxe8+ {[%clk 0:02:39]}  Kxe8 {[%clk 1:00:43]} 39. c4 {[%clk 0:02:00]}  Ba8 {[%clk 0:58:08]} 40. b4 {[%clk 0:02:09]}  Kd7 {[%clk 0:55:25]} 41. bxa5 {[%clk 0:25:15]}  bxa5 {[%clk 1:28:47]} 42. Nb3 {[%clk 0:24:03]}  a4 {[%clk 1:26:56]} 43. Nc5+ {[%clk 0:23:35]}  Kd6 {[%clk 1:27:21]} 44. Nxa4 {[%clk 0:23:27]}  Bc6 {[%clk 1:27:46]} 45. Nc3 {[%clk 0:21:45]}  Kc5 {[%clk 1:27:51]} 46. Ne2 {[%clk 0:19:52]}  Be4 {[%clk 1:23:31]} 47. Bxe4 {[%clk 0:18:49]}  Nxe4+ {[%clk 1:23:56]} 48. Ke3 {[%clk 0:18:35]}  Nd6 {[%clk 1:24:20]} 49. Nc3 {[%clk 0:12:24]}  Nxc4+ {[%clk 1:23:43]} 50. Ke4 {[%clk 0:12:27]}  Nxa3 {[%clk 1:22:32]} 51. Nd5 {[%clk 0:11:24]}  Kd6 {[%clk 1:20:55]} 52. Nxf6 {[%clk 0:11:06]}  Ke7 {[%clk 1:21:21]} 53. Nd5+ {[%clk 0:10:30]} 1/2-1/2

[Event "Masters Tournament (MTO)"]
[Site "Biel, CH"]
[Date "2025.07.15"]
[Round "2"]
[White "Kueppers, Timo"]
[Black "Schnell, Simon"]
[Result "1/2-1/2"]
[Board "17"]
[WhiteFideId "16205820"]
[BlackFideId "1345311"]
[WhiteTitle "FM"]
[WhiteElo "2292"]
[BlackElo "2144"]
[WhiteTeam "GER"]
[BlackTeam "SUI"]
[WhiteClock "0:09:03"]
[BlackClock "0:07:38"]
[Variant "Standard"]

1. c4 {[%clk 1:37:32]}  e5 {[%clk 1:40:12]} 2. g3 {[%clk 1:37:58]}  Nf6 {[%clk 1:40:30]} 3. Bg2 {[%clk 1:38:21]}  d5 {[%clk 1:40:42]} 4. cxd5 {[%clk 1:38:46]}  Nxd5 {[%clk 1:41:07]} 5. Nf3 {[%clk 1:39:06]}  Nc6 {[%clk 1:41:31]} 6. O-O {[%clk 1:39:00]}  Nb6 {[%clk 1:41:57]} 7. Nc3 {[%clk 1:39:58]}  Be7 {[%clk 1:42:13]} 8. a3 {[%clk 1:39:40]}  O-O {[%clk 1:42:18]} 9. d3 {[%clk 1:40:11]}  Re8 {[%clk 1:38:12]} 10. Rb1 {[%clk 1:36:03]}  Bf8 {[%clk 1:35:31]} 11. Bg5 {[%clk 1:26:43]}  f6 {[%clk 1:34:37]} 12. Be3 {[%clk 1:22:39]}  Nd4 {[%clk 1:32:08]} 13. b4 {[%clk 1:12:05]}  c6 {[%clk 1:26:29]} 14. Ne4 {[%clk 1:00:22]}  Nxf3+ {[%clk 1:25:44]} 15. Bxf3 {[%clk 0:55:27]}  Bh3 {[%clk 1:22:02]} 16. Re1 {[%clk 0:47:05]}  Nd5 {[%clk 0:57:13]} 17. Bd2 {[%clk 1:12:48]}  Kh8 {[%clk 0:55:09]} 18. Nc5 {[%clk 1:06:40]}  Rb8 {[%clk 0:49:18]} 19. Qc2 {[%clk 0:54:24]}  Nc7 {[%clk 0:28:50]} 20. a4 {[%clk 0:48:06]}  b6 {[%clk 0:18:16]} 21. Nb3 {[%clk 0:34:45]}  Nd5 {[%clk 0:09:59]} 22. Qxc6 {[%clk 0:27:40]}  Nxb4 {[%clk 0:06:12]} 23. Bxb4 {[%clk 0:19:01]}  Bxb4 {[%clk 0:26:16]} 24. Rec1 {[%clk 0:19:28]}  Bd7 {[%clk 0:24:13]} 25. Qc7 {[%clk 0:17:07]}  a5 {[%clk 0:23:00]} 26. Qxd8 {[%clk 0:19:06]}  Rexd8 {[%clk 0:21:26]} 27. Bc6 {[%clk 0:18:08]}  Be6 {[%clk 0:18:44]} 28. Bb5 {[%clk 0:13:45]}  Rbc8 {[%clk 0:16:21]} 29. Bc4 {[%clk 0:11:52]}  Bd7 {[%clk 0:15:30]} 30. Ra1 {[%clk 0:10:37]}  g6 {[%clk 0:14:53]} 31. h4 {[%clk 0:12:50]}  Kg7 {[%clk 0:18:10]} 32. d4 {[%clk 0:10:03]}  Kf8 {[%clk 0:08:30]} 33. e4 {[%clk 0:09:00]}  exd4 {[%clk 0:06:52]} 34. Nxd4 {[%clk 0:09:13]}  Bc5 {[%clk 0:07:11]} 35. Ne6+ {[%clk 0:09:03]}  Bxe6 {[%clk 0:07:38]} 1/2-1/2

[Event "Masters Tournament (MTO)"]
[Site "Biel, CH"]
[Date "2025.07.15"]
[Round "2"]
[White "Saxena, Vihaan"]
[Black "Song, Ethan"]
[Result "0-1"]
[Board "18"]
[WhiteFideId "30997780"]
[BlackFideId "62900412"]
[BlackTitle "FM"]
[WhiteElo "2031"]
[BlackElo "2288"]
[WhiteTeam "USA"]
[BlackTeam "CAN"]
[WhiteClock "0:18:30"]
[BlackClock "0:39:57"]
[Variant "Standard"]

1. Nf3 {[%clk 1:40:43]}  d5 {[%clk 1:35:42]} 2. e3 {[%clk 1:40:54]}  Nf6 {[%clk 1:36:01]} 3. c4 {[%clk 1:41:09]}  e6 {[%clk 1:36:28]} 4. Nc3 {[%clk 1:41:17]}  b6 {[%clk 1:36:54]} 5. cxd5 {[%clk 1:34:06]}  exd5 {[%clk 1:37:17]} 6. b3 {[%clk 1:34:30]}  Bb7 {[%clk 1:34:03]} 7. Bb2 {[%clk 1:34:47]}  a6 {[%clk 1:33:14]} 8. Rc1 {[%clk 1:34:57]}  Nbd7 {[%clk 1:29:45]} 9. Be2 {[%clk 1:32:44]}  Bd6 {[%clk 1:28:40]} 10. O-O {[%clk 1:32:40]}  O-O {[%clk 1:28:41]} 11. Re1 {[%clk 1:32:43]}  Re8 {[%clk 1:26:09]} 12. Bf1 {[%clk 1:30:43]}  Rc8 {[%clk 1:23:02]} 13. d4 {[%clk 1:25:54]}  Ne4 {[%clk 1:10:41]} 14. Nxe4 {[%clk 1:20:19]}  dxe4 {[%clk 1:10:54]} 15. Ne5 {[%clk 1:15:03]}  Nf6 {[%clk 0:58:31]} 16. g3 {[%clk 1:01:57]}  Qe7 {[%clk 0:53:14]} 17. Bh3 {[%clk 1:04:43]}  Rcd8 {[%clk 0:44:40]} 18. Qe2 {[%clk 0:51:59]}  Nd5 {[%clk 0:38:46]} 19. Red1 {[%clk 0:48:13]}  Nb4 {[%clk 0:32:51]} 20. a3 {[%clk 0:44:56]}  Bxe5 {[%clk 0:42:32]} 21. axb4 {[%clk 0:44:27]}  Bd6 {[%clk 0:42:52]} 22. b5 {[%clk 0:41:35]}  a5 {[%clk 0:38:10]} 23. Bc3 {[%clk 0:33:57]}  Bd5 {[%clk 0:38:57]} 24. Rb1 {[%clk 0:34:12]}  Qg5 {[%clk 0:35:04]} 25. Qc2 {[%clk 0:29:53]}  Qe7 {[%clk 0:29:50]} 26. Bf1 {[%clk 0:28:36]}  h5 {[%clk 0:28:06]} 27. Bc4 {[%clk 0:27:41]}  Bb7 {[%clk 0:28:03]} 28. Qe2 {[%clk 0:23:10]}  Qg5 {[%clk 0:24:22]} 29. b4 {[%clk 0:20:13]}  a4 {[%clk 0:23:02]} 30. Qa2 {[%clk 0:19:43]}  Re7 {[%clk 0:22:42]} 31. Qxa4 {[%clk 0:19:04]}  h4 {[%clk 0:21:37]} 32. Be1 {[%clk 0:18:06]}  Bc8 {[%clk 0:19:05]} 33. Qa8 {[%clk 0:16:38]}  hxg3 {[%clk 0:21:28]} 34. hxg3 {[%clk 0:14:47]}  Qh5 {[%clk 0:20:14]} 35. Rd2 {[%clk 0:18:43]}  Ree8 {[%clk 0:18:25]} 36. Qa4 {[%clk 0:15:24]}  Bg4 {[%clk 0:18:36]} 37. f4 {[%clk 0:08:28]}  exf3 {[%clk 0:18:56]} 38. Qa2 {[%clk 0:07:20]}  Be6 {[%clk 0:15:25]} 39. Rh2 {[%clk 0:04:22]}  Bxc4 {[%clk 0:17:34]} 40. Qxc4 {[%clk 0:04:45]}  Qg6 {[%clk 0:15:24]} 41. Qc2 {[%clk 0:04:04]}  Bxg3 {[%clk 0:11:52]} 42. Bxg3 {[%clk 0:02:53]}  Qxg3+ {[%clk 0:12:17]} 43. Kh1 {[%clk 0:02:49]}  Rxe3 {[%clk 0:10:50]} 44. Qh7+ {[%clk 0:24:23]}  Kf8 {[%clk 0:41:08]} 45. Rc2 {[%clk 0:19:50]}  Rxd4 {[%clk 0:39:27]} 46. Qh8+ {[%clk 0:20:12]}  Ke7 {[%clk 0:39:54]} 47. Rg1 {[%clk 0:17:18]}  Rh4+ {[%clk 0:40:04]} 48. Rh2 {[%clk 0:18:30]}  Qxh2# {[%clk 0:39:57]} 0-1

[Event "Masters Tournament (MTO)"]
[Site "Biel, CH"]
[Date "2025.07.15"]
[Round "2"]
[White "Chen, Yuan"]
[Black "Hu, Yu A."]
[Result "1-0"]
[Board "19"]
[WhiteFideId "8618860"]
[BlackFideId "8609993"]
[WhiteElo "2286"]
[BlackElo "2079"]
[WhiteTeam "CHN"]
[BlackTeam "CHN"]
[WhiteClock "0:45:15"]
[BlackClock "0:11:21"]
[Variant "Standard"]

1. d4 {[%clk 1:40:55]}  Nf6 {[%clk 1:40:06]} 2. c4 {[%clk 1:41:04]}  e6 {[%clk 1:39:27]} 3. Nf3 {[%clk 1:35:55]}  d5 {[%clk 1:36:55]} 4. Nc3 {[%clk 1:35:29]}  c5 {[%clk 1:35:37]} 5. cxd5 {[%clk 1:35:05]}  Nxd5 {[%clk 1:34:47]} 6. e4 {[%clk 1:37:57]}  Nxc3 {[%clk 1:36:03]} 7. bxc3 {[%clk 1:37:47]}  cxd4 {[%clk 1:35:56]} 8. cxd4 {[%clk 1:38:46]}  Bb4+ {[%clk 1:35:05]} 9. Bd2 {[%clk 1:39:01]}  Bxd2+ {[%clk 1:36:34]} 10. Qxd2 {[%clk 1:38:31]}  O-O {[%clk 1:35:58]} 11. Bc4 {[%clk 1:37:08]}  Nd7 {[%clk 1:35:46]} 12. O-O {[%clk 1:39:47]}  b6 {[%clk 1:35:10]} 13. Rfe1 {[%clk 1:39:48]}  Bb7 {[%clk 1:34:26]} 14. Rad1 {[%clk 1:38:52]}  Rc8 {[%clk 1:32:56]} 15. Bb3 {[%clk 1:34:00]}  h6 {[%clk 1:27:27]} 16. Re3 {[%clk 1:31:44]}  Nf6 {[%clk 1:11:59]} 17. Qe1 {[%clk 1:19:22]}  b5 {[%clk 1:11:32]} 18. d5 {[%clk 1:18:49]}  exd5 {[%clk 1:10:56]} 19. e5 {[%clk 0:49:22]}  Nd7 {[%clk 1:08:14]} 20. Nd4 {[%clk 0:49:09]}  Nc5 {[%clk 1:05:11]} 21. Nxb5 {[%clk 0:47:58]}  Nxb3 {[%clk 1:03:06]} 22. Rxb3 {[%clk 0:42:15]}  Ra8 {[%clk 1:01:34]} 23. Nd6 {[%clk 1:13:06]}  Bc6 {[%clk 0:58:37]} 24. Rg3 {[%clk 1:03:56]}  Bd7 {[%clk 0:50:39]} 25. Rxd5 {[%clk 1:03:43]}  Qb6 {[%clk 0:49:53]} 26. Rd1 {[%clk 1:03:07]}  Be6 {[%clk 0:48:57]} 27. h3 {[%clk 0:55:15]}  Rab8 {[%clk 0:48:22]} 28. Kh2 {[%clk 0:51:44]}  Qb2 {[%clk 0:42:57]} 29. Rd2 {[%clk 0:51:23]}  Qb4 {[%clk 0:40:21]} 30. Qe3 {[%clk 0:50:30]}  Kh8 {[%clk 0:20:59]} 31. Rd4 {[%clk 0:49:39]}  Qb1 {[%clk 0:20:53]} 32. Rh4 {[%clk 0:48:11]}  Qh7 {[%clk 0:20:48]} 33. Ne4 {[%clk 0:47:09]}  Rb4 {[%clk 0:18:50]} 34. Nf6 {[%clk 0:46:31]}  Rxh4 {[%clk 0:18:41]} 35. Nxh7 {[%clk 0:46:01]}  Kxh7 {[%clk 0:11:21]} 36. Rxg7+ {[%clk 0:45:15]} 1-0